Регионална библиотека "Любен Каравелов" - Русе

Русе - спортният град на България (Запис номер 52405)

MARC детайли
000 -Лидер
Контролно поле с фиксирана дължина 02329nam a2200505 c 4500
003 - Код на организацията, давaща контролен номер
Контролно поле BLK
005 - Дата и час на последна редакция
Контролно поле 20250423132717.0
008 - Елементи от данни с фиксирана дължина
fixed length control field 180408b bul|||||r ||||||| ||bul||
010 ## - Наследен системен номер
LC control number KNG00056329000
020 ## - Международен стандартен номер на книга ISBN
Международен стандартен номер на книга ISBN 954-9548-98-8
040 ## - Източник на каталожния запис
Идентификатор на билиотеката - собственик на записа BLK
041 ## - Код за език
Код за езика на текст/звукозапис или на отделно заглавие Български
Код за езика КДБФ Български
Други езици Немски
-- Английски
-- Френски
-- Руски
072 #7 - Код за тематичната категория
Код организация bullib
Код за тематична категория Я
Текст Автографи
080 ## - УДК
Текстов определител УДК Спорт. Физическа култура
УДК код - определител по УДК 796/799
УДК определител (497.215)(091)
УДК - код + определител 796/799(497.215)(091)
080 ## - УДК
Текстов определител УДК Спорт. Физическа култура
УДК код - определител по УДК 796/799
УДК определител (497.215)(092)
УДК - код + определител 796/799(497.215)(092)
080 ## - УДК
Текстов определител УДК Биографии
УДК код - определител по УДК 929
УДК определител (497.215)
УДК - код + определител 929(497.215)
100 1# - Редна дума - Автор
Автор Ганев, Богдан
Авторска отговорност първи автор
R(LIN) 284445
139 ## - Редно поле
Редна дума Ганев, Богдан
Авторски знак Гане - Г 20
245 10 - Сведения за заглавието
Заглавие Русе - спортният град на България
Редно поле (дума) Богдан Ганев; худож. Огнян Балканджиев.
257 ## - Страна на издаване
Страна на създаване/издаване България
260 ## - Област на издателските данни
Име на издателя, разпространителя и проч. Авангард принт
Година на издаване 2005
300 ## - Физическа характеристика
Страници 220 с.
Илюстрации и др. с портр., ил.
Размери/Мащаб 24 см
380 ## - Жанр
Жанр 793/799 Спорт
500 ## - Общи забележки
Забележка Текст и на англ., нем., рус., фр. ез. - Съдържа и Ретроспекция на русенския спорт през 2004 г. през погледа на спортния журналист от РТВЦ - Русе Александър Недков ; Русенски спортисти, носители на олимпийски, световни и европейски отличия. - Библиогр. с. 216-217.
650 #4 - Допълнително описание по предмет – тема
Основно описание – тема или топоним Спорт - България
9 (RLIN) 268611
650 #4 - Допълнително описание по предмет – тема
Основно описание – тема или топоним Русе - спорт и физическа култура
9 (RLIN) 284446
650 #4 - Допълнително описание по предмет – тема
Основно описание – тема или топоним Спортисти, български - Русе
9 (RLIN) 265945
651 #4 - Допълнително описание по предмет - топоним
Географско понятие Русе
9 (RLIN) 179462
651 #4 - Допълнително описание по предмет - топоним
Географско понятие България
9 (RLIN) 241624
653 ## - Ключова дума – ненормативна
Ключова дума Русе
653 ## - Ключова дума – ненормативна
Ключова дума русенски спортисти
653 ## - Ключова дума – ненормативна
Ключова дума спорт
653 ## - Ключова дума – ненормативна
Ключова дума история
659 ## - Тематичен бюлетин
Тематичен бюлетин К
659 ## - Тематичен бюлетин
Тематичен бюлетин Я
700 ## - Други автори (авторска отговорност)
Лично име Балканджиев, Огнян Георгиев
9 (RLIN) 364857
852 ## - Местоположение
Форматна сигнатура Цб 225380
852 ## - Местоположение
Форматна сигнатура К 796/799/Г 20
856 4# - Електронен адрес и достъп
Електронен формат pdf - файл
856 4# - Електронен адрес и достъп
Електронен формат pdf - файл
999 ## - СИСТЕМНИ КОНТРОЛНИ НОМЕРА
Koha biblionumber 52405
Koha biblioitemnumber 52405
942 ## - АРТИКУЛИ
Вид на библиотечния материал Книги
Скрит в OPAC Не
Koha issues (borrowed), all copies 10
Периодичен библиозапис Да
944 ## - СЪЗДАВАНЕ И РЕДАКЦИЯ на ЗАПИСА
Създаване/Редакция Създаване
Дата на регистрацията/редакция 02.11.2005
Статус, дата на статуса Силвия Димитрова
Служител, извършил регистрацията/редакцията 30538
944 ## - СЪЗДАВАНЕ И РЕДАКЦИЯ на ЗАПИСА
Създаване/Редакция Редакция
Дата на регистрацията/редакция 04.03.2015
Статус, дата на статуса ф /
Служител, извършил регистрацията/редакцията Пенка_Димитрова
999 ## - СИСТЕМНИ КОНТРОЛНИ НОМЕРА
Koha biblioitemnumber 52405
Наличности
Код за отписване Код за изгубен артикул Код за повреда Коз за рестрикции Код за отдаване Артикулен № Име на библиотеката - собственик Име на библиотеката, в която се намира в момента Статус (Текущо местоположение) Дата на вписване в системата Местоположение - отдел Цена в лева Инвентарен номер Систематично азбучна сигнатура Баркод Номер на екземпляра Цена в евро Служебна бележка Служебен тип на артикула Източник на класификационната схема Номерация (Хронология)
  Не е изгубен Не е повреден без рестрикции заемане за дома 82402 Регионална библиотека "Любен Каравелов" Русе Регионална библиотека "Любен Каравелов" Русе Заемна - подръчен фонд 2005-11-02 Заемна - подръчен фонд 10.00 120000697726 П 796/799/Г 20 120000697726 1 5.11 Дост: Pk Вид: Ф N: 18 Дата: 02.11.2005 Дата инв: 08.02.2018 Бележки инв: П2018 Книги    
  Не е изгубен Не е повреден без рестрикции ползва се в читалня 82403 Регионална библиотека "Любен Каравелов" Русе Регионална библиотека "Любен Каравелов" Русе Краезнание 2005-11-02 Краезнание 10.00 120000697727 К 796/799/Г 20 120000697727 2 5.11 Дост: Pk Вид: Ф N: 18 Дата: 02.11.2005 Дата инв: 06.11.2017 Бележки инв: К2017 Книги Universal Decimal Classification  
  Не е изгубен Не е повреден без рестрикции ползва се в читалня 82404 Регионална библиотека "Любен Каравелов" Русе Регионална библиотека "Любен Каравелов" Русе Читалня 2005-11-07 Читалня 10.00 120000697905 Ч 796/799/Г 20 120000697905 3 5.11 Дост: DA Вид: А N: 24 Дата: 02.11.2005 Дата инв: 29.03.2017 Бележки инв: Ч2017 Книги   Автограф: Богдан Ганев
  Не е изгубен Не е повреден без рестрикции ползва се в читалня 82405 Регионална библиотека "Любен Каравелов" Русе Регионална библиотека "Любен Каравелов" Русе Хранилище 2015-01-15 Основен фонд - ползва се само за читалня 10.00 120000784243 Цб 225380 120000784243 4 5.11 Дост: DA Вид: А N: 1 Дата: 09.01.2015 Книги    
  Не е изгубен Не е повреден без рестрикции заемане за дома 82406 Регионална библиотека "Любен Каравелов" Русе Регионална библиотека "Любен Каравелов" Русе Заемна - подръчен фонд 2015-02-27 Заемна - подръчен фонд 10.00 120000786035 П 796/799/Г 20 120000786035 5 5.11 Дост: DA Вид: А N: 6 Дата: 27.02.2015 Дата инв: 08.02.2018 Бележки инв: П2018 Книги    
Изтеглен Не е изгубен Не е повреден без рестрикции заемане за дома 82407 Регионална библиотека "Любен Каравелов" Русе Регионална библиотека "Любен Каравелов" Русе Заемна - подръчен фонд 2015-02-27 Заемна - подръчен фонд 10.00 120000786036 П 796/799/Г 20 120000786036 6 5.11 Дост: DA Вид: А N: 6 Дата: 27.02.2015 Дата инв: 08.02.2018 Бележки инв: П2018 Книги Universal Decimal Classification  
  Не е изгубен Не е повреден без рестрикции заемане за дома 82408 Регионална библиотека "Любен Каравелов" Русе Регионална библиотека "Любен Каравелов" Русе Заемна - подръчен фонд 2015-02-27 Заемна - подръчен фонд 10.00 120000786037 П 796/799/Г 20 120000786037 7 5.11 Дост: DA Вид: А N: 6 Дата: 27.02.2015 Дата инв: 08.02.2018 Бележки инв: П2018 Книги    
Vip Innovations Ltd, Rousse, Bulgaria 2025